| 000 | 00754cam a22002293a 4500 | ||
|---|---|---|---|
| 001 | 9937 | ||
| 003 | PGUSA | ||
| 005 | 20140828083218.0 | ||
| 008 | 060201s2006||||xxu|||||s|||||000 | eng d | ||
| 040 |
_aPGUSA _beng |
||
| 042 | _adc | ||
| 050 | 4 | _aTX | |
| 100 | 1 | _aWoman's Institute of Domestic Arts and Sciences | |
| 245 | 1 | 0 |
_aWoman's Institute Library of Cookery : _bVolume 3: Soup; Meat; Poultry and Game; Fish and Shell Fish _h[electronic resource] / _cWoman's Institute of Domestic Arts and Sciences |
| 260 |
_bProject Gutenberg, _c2006 |
||
| 506 | _aPublic domain in the USA. | ||
| 516 | _aElectronic text | ||
| 653 | _aCooking, American | ||
| 830 | 0 |
_aProject Gutenberg _v9937 |
|
| 856 | 4 | 0 | _uhttp://www.gutenberg.org/ebooks/9937 |
| 942 | _cEB | ||
| 999 |
_c239193 _d239193 |
||